[Event "XXXIX C.to Italiano"]
[Site "Venezia ITA"]
[Date "1979.10.??"]
[Round "9"]
[White "Toth, Bela"]
[Black "Vallifuoco, Giacomo"]
[Result "0-1"]
[WhiteElo "2470"]
[BlackElo "2285"]
[PlyCount "120"]
[EventDate "1979.10.21"]

1. e4 c5 2. Nf3 d6 3. d4 cxd4 4. Nxd4 Nf6 5. Nc3 a6 6. Be2 e5 7. Nb3 Be7 8. O-O
Be6 9. Bf3 O-O 10. Re1 Nbd7 11. Nd2 Rc8 12. Nf1 b5 13. a3 Nb6 14. Ne3 Qc7 15.
h3 Rfd8 16. Re2 Qc5 17. Qe1 Bf8 18. Bd2 Qc7 19. Ncd1 Re8 20. Ba5 Qb8 21. Nc3
Nc4 22. Nxc4 Bxc4 23. Rd2 g6 24. Rad1 Rc6 25. Qe3 h5 26. b3 Be6 27. Na2 Qc8 28.
Nb4 Rc5 29. Rd3 d5 30. exd5 Bf5 31. R3d2 e4 32. Be2 Rc3 33. Qb6 e3 34. fxe3 Ne4
35. Qxa6 Nxd2 36. Qxc8 Rexc8 37. Rxd2 Bc5 38. Kf1 Bxe3 39. Rd1 Ra8 40. Nc6 Rxc6
41. dxc6 Rxa5 42. Rd8+ Kg7 43. c7 b4 44. g4 Bb6 45. axb4 Ra1+ 46. Rd1 Rxd1+ 47.
Bxd1 hxg4 48. hxg4 Bc8 49. c4 Kf6 50. b5 Ke5 51. b4 Kd4 52. c5 Bxc7 53. b6 Bd8
54. Bf3 Ba6+ 55. Kg2 Kc3 56. Bd5 Bc4 57. Be4 Kxb4 58. b7 Bc7 59. c6 Kc5 60. Kh3
g5 0-1

[Event "XXXIX C.to Italiano"]
[Site "Venezia ITA"]
[Date "1979.10.??"]
[Round "10"]
[White "Capece, Adolivio"]
[Black "Coppini, Giorgio"]
[Result "1/2-1/2"]
[WhiteElo "2205"]
[BlackElo "2285"]
[PlyCount "45"]
[EventDate "1979.10.21"]

1. c4 Nf6 2. Nc3 c5 3. g3 d5 4. cxd5 Nxd5 5. Bg2 Nc7 6. d3 e5 7. f4 exf4 8.
Bxf4 Ne6 9. Nh3 Nc6 10. O-O h5 11. Qd2 h4 12. Ng5 Nxg5 13. Bxg5 f6 14. Bxh4 g5
15. Nd5 Be7 16. Qe3 O-O 17. Qe4 Kg7 18. Bxg5 fxg5 19. Rxf8 Bxf8 20. Rf1 Be7 21.
Bf3 Bh3 22. Bh5 Bxf1 23. Qg6+ 1/2-1/2

[Event "XXXIX C.to Italiano"]
[Site "Venezia ITA"]
[Date "1979.10.??"]
[Round "10"]
[White "Laco, Giuseppe"]
[Black "Toth, Bela"]
[Result "0-1"]
[WhiteElo "2160"]
[BlackElo "2470"]
[PlyCount "98"]
[EventDate "1979.10.21"]

1. c4 e5 2. Nc3 Nf6 3. Nf3 Nc6 4. a3 g6 5. d4 exd4 6. Nd5 Bg7 7. Bg5 h6 8. Bxf6
Bxf6 9. Qd3 Bg7 10. e3 O-O 11. exd4 Re8+ 12. Be2 d6 13. Ne3 Ne7 14. O-O Nf5 15.
Rad1 Nxe3 16. fxe3 Qe7 17. Kf2 h5 18. Rfe1 Bf5 19. Qb3 Bh6 20. Bf1 c6 21. a4
Rac8 22. Rd2 Rc7 23. Rde2 Be4 24. Nd2 Qf6+ 25. Kg1 Bf5 26. Qc3 Rce7 27. h3 Qh4
28. Kh2 Rxe3 29. Nf3 Qf4+ 30. Kg1 Bxh3 31. Kf2 Rxe2+ 32. Rxe2 Rxe2+ 33. Bxe2
Bf5 34. g3 Qc1 35. Qxc1 Bxc1 36. b4 Kf8 37. d5 Bb2 38. Bd1 cxd5 39. cxd5 Ke7
40. Bb3 Bc3 41. b5 f6 42. Nh4 Bb1 43. Kf3 g5 44. Ng2 Bd2 45. Bd1 Bd3 46. Bb3 f5
47. Ne3 Be4+ 48. Ke2 Bxe3 49. Kxe3 Kf6 0-1

[Event "XXXIX C.to Italiano"]
[Site "Venezia ITA"]
[Date "1979.10.??"]
[Round "10"]
[White "Olivotto, Roberto"]
[Black "Bonfa', Ileano"]
[Result "1/2-1/2"]
[WhiteElo "2225"]
[BlackElo "2300"]
[PlyCount "80"]
[EventDate "1979.10.21"]

1. e4 c5 2. c3 Nf6 3. e5 Nd5 4. d4 cxd4 5. Nf3 Nc6 6. cxd4 e6 7. Nc3 Nxc3 8.
bxc3 d6 9. Bd3 Be7 10. Qe2 dxe5 11. dxe5 Qc7 12. O-O b6 13. a4 Bb7 14. Bf4 O-O
15. Nd4 Nxd4 16. cxd4 Rfd8 17. Be3 Rac8 18. Qh5 g6 19. Qg4 Qc6 20. Be2 Qe4 21.
Qxe4 Bxe4 22. Ba6 Rb8 23. Rfc1 Bb7 24. Bxb7 Rxb7 25. Kf1 Kg7 26. Ke2 Rd5 27.
Rab1 Rbd7 28. Rc4 Bd8 29. Rb5 Rc7 30. Kd3 a6 31. Rbb4 Rcd7 32. Ke4 b5 33. axb5
axb5 34. Rc5 Be7 35. Rbxb5 Bxc5 36. dxc5 Rc7 37. h4 h6 38. g3 Rc6 39. Ra5 Rc8
40. Ra6 Rc7 1/2-1/2

[Event "XXXIX C.to Italiano"]
[Site "Venezia ITA"]
[Date "1979.10.??"]
[Round "10"]
[White "Rosino, Antonio"]
[Black "Tatai, Stefano"]
[Result "1/2-1/2"]
[WhiteElo "2290"]
[BlackElo "2475"]
[PlyCount "71"]
[EventDate "1979.10.21"]

1. e4 c5 2. c3 e6 3. d4 d5 4. exd5 Qxd5 5. Nf3 Nc6 6. Bd3 cxd4 7. cxd4 Nf6 8.
Nc3 Qd6 9. O-O Be7 10. Qe2 O-O 11. Rd1 Nb4 12. Bb1 b6 13. Bg5 Ba6 14. Qe1 Nbd5
15. Nxd5 Nxd5 16. Qe4 f5 17. Bxe7 Nxe7 18. Qe5 Rad8 19. Bc2 Bc4 20. a3 Nc6 21.
Qe3 Bd5 22. Ne5 Nxe5 23. dxe5 Qc6 24. Bb3 f4 25. Bxd5 Rxd5 26. Qf3 Rxd1+ 27.
Rxd1 Qb5 28. Qc3 h6 29. h3 f3 30. gxf3 Qe2 31. Rd2 Qxf3 32. Qxf3 Rxf3 33. Rd7
a5 34. Rd6 Rb3 35. Rxe6 Rxb2 36. a4 1/2-1/2

[Event "XXXIX C.to Italiano"]
[Site "Venezia ITA"]
[Date "1979.10.??"]
[Round "10"]
[White "Santolini, Luigi"]
[Black "Taruffi, Daniele"]
[Result "0-1"]
[WhiteElo "2150"]
[BlackElo "2345"]
[PlyCount "50"]
[EventDate "1979.10.21"]

1. e4 e5 2. Nf3 Nc6 3. Bb5 Nd4 4. Bc4 Bc5 5. c3 Nxf3+ 6. Qxf3 Qf6 7. d3 d6 8.
Nd2 Qg6 9. Nb3 Bb6 10. Qg3 Ne7 11. Qxg6 Nxg6 12. Ke2 f5 13. g3 Rf8 14. Be3 fxe4
15. dxe4 Bg4+ 16. Kd3 Bxe3 17. fxe3 Rf2 18. Rae1 Rxb2 19. Nd2 d5 20. exd5 e4+
21. Nxe4 Ne5+ 22. Kd4 Nf3+ 23. Kc5 b6+ 24. Kc6 O-O-O 25. d6 Bd7+ 0-1

[Event "XXXIX C.to Italiano"]
[Site "Venezia ITA"]
[Date "1979.10.??"]
[Round "10"]
[White "Vallifuoco, Giacomo"]
[Black "Sartori, Spartaco"]
[Result "1/2-1/2"]
[WhiteElo "2285"]
[BlackElo "2385"]
[PlyCount "30"]
[EventDate "1979.10.21"]

1. c4 g6 2. Nc3 Bg7 3. d4 d6 4. Nf3 Bg4 5. e3 Nc6 6. Be2 e5 7. d5 Nce7 8. O-O
Bxf3 9. Bxf3 f5 10. e4 Bh6 11. Bxh6 Nxh6 12. Qd2 f4 13. Qd1 Nf7 14. b4 h5 15.
c5 Ng8 1/2-1/2

[Event "XXXIX C.to Italiano"]
[Site "Venezia ITA"]
[Date "1979.10.??"]
[Round "11"]
[White "Bonfa', Ileano"]
[Black "Santolini, Luigi"]
[Result "0-1"]
[WhiteElo "2300"]
[BlackElo "2150"]
[PlyCount "69"]
[EventDate "1979.10.21"]

1. e4 c5 2. Nf3 d6 3. d4 cxd4 4. Nxd4 Nf6 5. Nc3 a6 6. f4 Qc7 7. Bd3 e5 8. Nf3
b5 9. O-O Bb7 10. a3 Nbd7 11. Kh1 Be7 12. Qe1 O-O 13. fxe5 Nxe5 14. Nd4 Rfe8
15. Nf5 Bf8 16. Bg5 Nfd7 17. Qh4 Nc5 18. Rae1 f6 19. Bd2 Ncxd3 20. cxd3 Nxd3
21. Re3 Nc5 22. Rh3 g5 23. Bxg5 fxg5 24. Qxg5+ Kh8 25. Rg3 Qf7 26. Ne3 Qg6 27.
Qxg6 hxg6 28. Ned5 Bxd5 29. Nxd5 Nxe4 30. Rxg6 Ra7 31. h4 Rg7 32. Rh6+ Kg8 33.
Rf4 Re5 34. Rxe4 Rxd5 35. Re2 0-1

[Event "XXXIX C.to Italiano"]
[Site "Venezia ITA"]
[Date "1979.10.??"]
[Round "11"]
[White "Messa, Roberto"]
[Black "Rosino, Antonio"]
[Result "0-1"]
[WhiteElo "2205"]
[BlackElo "2290"]
[PlyCount "138"]
[EventDate "1979.10.21"]

1. e4 e5 2. Nf3 Nc6 3. d4 exd4 4. Nxd4 Bc5 5. Be3 Qf6 6. c3 Nge7 7. g3 d5 8.
Bg2 Bxd4 9. cxd4 dxe4 10. Nc3 Bf5 11. Nxe4 Bxe4 12. Bxe4 Qe6 13. Bg2 Qc4 14.
Qb3 Qxb3 15. axb3 O-O-O 16. O-O Nd5 17. Rfc1 Kb8 18. Rc5 Nce7 19. g4 Rd6 20. b4
Nxb4 21. Bf4 Rd7 22. Bxb7 Kxb7 23. Rb5+ Ka8 24. Rxb4 Nd5 25. Rba4 c6 26. Bg3
Re8 27. Rc1 Nb6 28. Ra2 Kb7 29. Rca1 Nc8 30. Ra4 Re4 31. Rb4+ Nb6 32. Raa4 Re1+
33. Kg2 Rd1 34. f3 Re7 35. Ra3 Re2+ 36. Kh3 Red2 37. Re3 Rxd4 38. Re7+ Rd7 39.
Re8 c5 40. Rb5 Kc6 41. Ra5 R1d2 42. Re5 c4 43. Rec5+ Kb7 44. Be5 f6 45. Bc3
R2d5 46. Kg3 Rxc5 47. Rxc5 Rd5 48. Rxd5 Nxd5 49. Bd4 g6 50. f4 a5 51. f5 gxf5
52. gxf5 Kc6 53. Kf3 a4 54. Ke4 Kd6 55. Bf2 c3 56. bxc3 Nxc3+ 57. Kd3 Nb5 58.
Kc4 Kc6 59. Kb4 Nd6 60. Bd4 Ne8 61. Kc4 a3 62. Ba1 a2 63. Kd4 Kd6 64. Bb2 Ke7
65. Ke4 Nd6+ 66. Kf4 Nc4 67. Bc3 Nd2 68. Kg4 Kf7 69. Kh5 Kg7 0-1

[Event "XXXIX C.to Italiano"]
[Site "Venezia ITA"]
[Date "1979.10.??"]
[Round "11"]
[White "Sartori, Spartaco"]
[Black "Laco, Giuseppe"]
[Result "0-1"]
[WhiteElo "2385"]
[BlackElo "2160"]
[PlyCount "88"]
[EventDate "1979.10.21"]

1. c4 g6 2. Nc3 Bg7 3. g3 e5 4. Bg2 Ne7 5. e4 d6 6. Nge2 Bg4 7. h3 Be6 8. d4
exd4 9. Nxd4 Nbc6 10. Nxe6 fxe6 11. O-O Nd4 12. e5 Bxe5 13. Bxb7 Rb8 14. Bg2
O-O 15. f4 Bg7 16. b3 c5 17. Bd2 Nef5 18. Kh2 Qd7 19. Rc1 h6 20. Ne2 Kh7 21.
Nxd4 Bxd4 22. Qe2 Rb6 23. Be4 d5 24. Bg2 Rc8 25. Rfe1 Bg7 26. cxd5 exd5 27. Qd3
Rd6 28. Bc3 c4 29. bxc4 dxc4 30. Qe4 Bxc3 31. Rxc3 Rd4 32. Qe5 Rd2 33. Re2 Rxe2
34. Qxe2 Qd4 35. Qe1 h5 36. h4 Rc7 37. Qc1 Qf2 38. Qc2 Qxc2 39. Rxc2 c3 40. Be4
Nd4 41. Rc1 c2 42. Kg2 Kg7 43. Kf2 Rc3 44. Ke1 Re3+ 0-1

[Event "XXXIX C.to Italiano"]
[Site "Venezia ITA"]
[Date "1979.10.??"]
[Round "11"]
[White "Taruffi, Daniele"]
[Black "Passerotti, Pierluigi"]
[Result "1-0"]
[WhiteElo "2345"]
[BlackElo "2340"]
[PlyCount "77"]
[EventDate "1979.10.21"]

1. e4 c5 2. c3 Nf6 3. e5 Nd5 4. d4 cxd4 5. cxd4 d6 6. Nf3 e6 7. a3 Nc6 8. Bd3
Be7 9. O-O dxe5 10. dxe5 b6 11. Qa4 Bb7 12. Bb5 Qc7 13. Nd4 Kd7 14. Bc4 Qxe5
15. Nf3 Qh5 16. Bxd5 exd5 17. Nc3 Ke8 18. Bf4 Kf8 19. Rfe1 Bf6 20. Nb5 Rd8 21.
Bc7 g5 22. Bxd8 Nxd8 23. Nd6 g4 24. Nd4 Be5 25. Qe8+ Kg7 26. Qxe5+ Qxe5 27.
Rxe5 Ba6 28. Rae1 Ne6 29. Nxe6+ fxe6 30. Rxe6 Rd8 31. Nf5+ Kf7 32. Nd4 Rd7 33.
Nc6 Bb5 34. Re7+ Rxe7 35. Nxe7 d4 36. Nd5 Ba4 37. Re4 Bc6 38. Rxd4 h5 39. Nf4
1-0

[Event "XXXIX C.to Italiano"]
[Site "Venezia ITA"]
[Date "1979.10.??"]
[Round "11"]
[White "Tatai, Stefano"]
[Black "Vallifuoco, Giacomo"]
[Result "1/2-1/2"]
[WhiteElo "2475"]
[BlackElo "2285"]
[PlyCount "20"]
[EventDate "1979.10.21"]

1. d4 Nf6 2. c4 g6 3. Nc3 d5 4. Nf3 Bg7 5. Bf4 O-O 6. e3 c5 7. dxc5 Qa5 8. Rc1
dxc4 9. Bxc4 Qxc5 10. Nb5 Be6 1/2-1/2

[Event "XXXIX C.to Italiano"]
[Site "Venezia ITA"]
[Date "1979.10.??"]
[Round "11"]
[White "Toth, Bela"]
[Black "Capece, Adolivio"]
[Result "1/2-1/2"]
[WhiteElo "2470"]
[BlackElo "2205"]
[PlyCount "74"]
[EventDate "1979.10.21"]

1. d4 Nf6 2. c4 c5 3. d5 b5 4. cxb5 e6 5. Nc3 exd5 6. Nxd5 Bb7 7. e4 a6 8. bxa6
Nxa6 9. Bc4 Nb4 10. Nf3 Nfxd5 11. exd5 Qe7+ 12. Be3 Qe4 13. Rc1 Bxd5 14. O-O
Bxc4 15. Nd2 Qd5 16. Rxc4 Be7 17. Qb3 Na6 18. Rd1 O-O 19. Re4 Qxb3 20. Nxb3 Bf6
21. Bxc5 Nxc5 22. Nxc5 d5 23. Re2 Rxa2 24. Nd7 Rfa8 25. Nxf6+ gxf6 26. g3 Rb8
27. Rdd2 d4 28. f4 Kg7 29. Kg2 Rb3 30. Kh3 Kg6 31. Kh4 f5 32. h3 d3 33. Rf2 h5
34. Rh2 Ra4 35. Rhf2 Ra2 36. Rg2 Ra4 37. Rg1 Rd4 1/2-1/2

[Event "XXXIX C.to Italiano"]
[Site "Venezia ITA"]
[Date "1979.10.??"]
[Round "11"]
[White "Trabattoni, Franco"]
[Black "Olivotto, Roberto"]
[Result "1-0"]
[WhiteElo "2330"]
[BlackElo "2225"]
[PlyCount "55"]
[EventDate "1979.10.21"]

1. d4 Nf6 2. Nf3 e6 3. g3 b6 4. Bg2 Bb7 5. O-O Be7 6. c4 O-O 7. Qc2 d6 8. Nc3
Nbd7 9. e4 e5 10. d5 a5 11. Rb1 Nc5 12. Ne1 Bc8 13. f4 exf4 14. gxf4 Ng4 15. h3
Nh6 16. Nf3 f6 17. Be3 Nf7 18. Rbe1 g5 19. Bxc5 bxc5 20. e5 g4 21. hxg4 Bxg4
22. Nh2 Nh6 23. Nxg4 Nxg4 24. Qf5 Nh6 25. Qh5 Kg7 26. Re3 Ng8 27. Rg3+ Kh8 28.
Qg4 1-0

[Event "XXXIX C.to Italiano"]
[Site "Venezia ITA"]
[Date "1979.10.??"]
[Round "12"]
[White "Capece, Adolivio"]
[Black "Sartori, Spartaco"]
[Result "0-1"]
[WhiteElo "2205"]
[BlackElo "2385"]
[PlyCount "82"]
[EventDate "1979.10.21"]

1. c4 g6 2. Nc3 Bg7 3. g3 d6 4. Bg2 e5 5. d3 Ne7 6. Bg5 h6 7. Bd2 O-O 8. Qc1
Kh7 9. h4 f5 10. Nh3 Nbc6 11. Nd5 Qd7 12. f4 exf4 13. Ndxf4 Ne5 14. h5 g5 15.
Ng6 Re8 16. Kf1 Nf7 17. Bc3 Bxc3 18. Qxc3 Nxg6 19. hxg6+ Kxg6 20. e4 Qe7 21.
Kg1 Qf6 22. Qa5 Qe5 23. Qa4 c6 24. Kh2 fxe4 25. dxe4 Bxh3 26. Kxh3 Rf8 27. Qc2
g4+ 28. Kh2 Ng5 29. Rhf1 h5 30. Rf5 Rxf5 31. exf5+ Qxf5 32. Qxf5+ Kxf5 33. Re1
Kf6 34. b4 Rf8 35. Rf1+ Ke7 36. Rxf8 Kxf8 37. Kg1 Ke7 38. Kf2 Ke6 39. Ke3 Ke5
40. a4 d5 41. c5 a5 0-1

[Event "XXXIX C.to Italiano"]
[Site "Venezia ITA"]
[Date "1979.10.??"]
[Round "12"]
[White "Coppini, Giorgio"]
[Black "Toth, Bela"]
[Result "0-1"]
[WhiteElo "2285"]
[BlackElo "2470"]
[PlyCount "136"]
[EventDate "1979.10.21"]

1. Nf3 d5 2. d4 Bf5 3. c4 e6 4. Nc3 Nf6 5. Bf4 dxc4 6. Ne5 Nd5 7. Bd2 Nb4 8.
Rc1 Qxd4 9. Nf3 Qd8 10. a3 N4c6 11. e4 Bg4 12. Bxc4 Be7 13. h3 Bxf3 14. Qxf3
Ne5 15. Qe2 O-O 16. Be3 Nxc4 17. Qxc4 c6 18. O-O Nd7 19. Rfd1 Qc8 20. b4 Rd8
21. Qb3 Ne5 22. Qa4 Rxd1+ 23. Nxd1 Qd7 24. Nb2 Bf6 25. Rd1 Qc7 26. f4 Ng6 27.
e5 Bd8 28. Qc2 Ne7 29. Qf2 Nd5 30. Nc4 Be7 31. Bc5 b6 32. Bxe7 Qxe7 33. Nd6 a5
34. Rc1 axb4 35. axb4 Qd7 36. Qd4 h6 37. Qc4 Ra4 38. Qxc6 Qxc6 39. Rxc6 Rxb4
40. g3 Rb3 41. Rc8+ Kh7 42. Kf2 Kg6 43. Rf8 f6 44. Re8 Nc7 45. Re7 Rc3 46. exf6
gxf6 47. Nf7 Nd5 48. Rd7 Rc7 49. Nh8+ Kf5 50. Rxc7 Nxc7 51. Kf3 e5 52. g4+ Ke6
53. Ke4 exf4 54. Kxf4 Nd5+ 55. Ke4 Ne7 56. Kd3 Nc6 57. Kc4 Ne5+ 58. Kb5 Ke7 59.
Kxb6 Kf8 60. Kc5 Kg7 61. Kd6 Kxh8 62. Ke6 Kg7 63. Kf5 Ng6 64. Ke4 Nh4 65. Ke3
Kg6 66. Kf4 h5 67. Kg3 Kg5 68. gxh5 f5 0-1

[Event "XXXIX C.to Italiano"]
[Site "Venezia ITA"]
[Date "1979.10.??"]
[Round "12"]
[White "Laco, Giuseppe"]
[Black "Tatai, Stefano"]
[Result "0-1"]
[WhiteElo "2160"]
[BlackElo "2475"]
[PlyCount "96"]
[EventDate "1979.10.21"]

1. c4 e6 2. f4 d5 3. e3 dxc4 4. Bxc4 Nf6 5. Nf3 Nbd7 6. O-O Be7 7. f5 Nb6 8.
fxe6 Nxc4 9. Qa4+ Kf8 10. Qxc4 Bxe6 11. Qc2 c5 12. b3 Nd5 13. Bb2 Nb4 14. Qc3
f6 15. Ne1 Qd5 16. Na3 Kf7 17. Nc4 Rhd8 18. a3 Nc6 19. d3 Kg8 20. Rd1 Bg4 21.
Nf3 Bxf3 22. Rxf3 b5 23. e4 Qh5 24. Nd2 Nd4 25. Re1 Nxf3+ 26. Nxf3 b4 27. axb4
cxb4 28. Qc4+ Qf7 29. Qxf7+ Kxf7 30. d4 a5 31. Kf2 Rdc8 32. Re2 Bd6 33. g3 Ra7
34. Ke3 Rac7 35. Ne1 Rc3+ 36. Bxc3 Rxc3+ 37. Nd3 Rxb3 38. Ra2 Bc7 39. Kd2 Bb6
40. d5 Rc3 41. Ra4 Rc4 42. e5 Rd4 43. exf6 Kxf6 44. Ra1 Rxd5 45. Rf1+ Ke7 46.
Rf4 Bd4 47. Kc2 Bf6 48. Re4+ Kf7 0-1

[Event "XXXIX C.to Italiano"]
[Site "Venezia ITA"]
[Date "1979.10.??"]
[Round "12"]
[White "Passerotti, Pierluigi"]
[Black "Bonfa', Ileano"]
[Result "0-1"]
[WhiteElo "2340"]
[BlackElo "2300"]
[PlyCount "80"]
[EventDate "1979.10.21"]

1. e4 c5 2. Nc3 Nc6 3. g3 g6 4. Bg2 Bg7 5. d3 d6 6. Nh3 Rb8 7. f4 e6 8. O-O
Nge7 9. Be3 O-O 10. Qd2 b5 11. a3 a5 12. e5 Nd4 13. Rae1 d5 14. Nd1 b4 15. axb4
axb4 16. Qf2 b3 17. c3 Nc2 18. Re2 Ba6 19. c4 Nb4 20. cxd5 exd5 21. Qf3 d4 22.
Bd2 Bxd3 23. g4 Bxe2 24. Qxe2 Qc7 25. Ng5 c4 26. Qf2 c3 27. bxc3 b2 28. Be4
Nbd5 29. cxd4 b1=Q 30. Bxb1 Rxb1 31. f5 h6 32. f6 hxg5 33. Bxg5 Bh8 34. fxe7
Nxe7 35. Bh6 Bg7 36. Bxg7 Kxg7 37. Qf6+ Kg8 38. e6 Nd5 39. Qg5 Qd6 40. Re1 Ne7
0-1

[Event "XXXIX C.to Italiano"]
[Site "Venezia ITA"]
[Date "1979.10.??"]
[Round "12"]
[White "Rosino, Antonio"]
[Black "Taruffi, Daniele"]
[Result "1/2-1/2"]
[WhiteElo "2290"]
[BlackElo "2345"]
[PlyCount "26"]
[EventDate "1979.10.21"]

1. e4 c6 2. d4 d5 3. Nd2 dxe4 4. Nxe4 Nf6 5. Nxf6+ gxf6 6. Ne2 Qc7 7. Ng3 Nd7
8. Bc4 e6 9. Nh5 c5 10. O-O cxd4 11. Qxd4 Qe5 12. Qh4 Rg8 13. Be3 b5 1/2-1/2

[Event "XXXIX C.to Italiano"]
[Site "Venezia ITA"]
[Date "1979.10.??"]
[Round "12"]
[White "Santolini, Luigi"]
[Black "Trabattoni, Franco"]
[Result "1/2-1/2"]
[WhiteElo "2150"]
[BlackElo "2330"]
[PlyCount "48"]
[EventDate "1979.10.21"]

1. e4 c5 2. Nf3 Nc6 3. Bb5 Qb6 4. Ba4 g6 5. O-O Bg7 6. c3 e6 7. Re1 Nge7 8. d3
O-O 9. Nbd2 d5 10. Nf1 Bd7 11. Bc2 Rad8 12. e5 f6 13. exf6 Rxf6 14. Bb3 Rdf8
15. Bg5 R6f7 16. Ne3 Nf5 17. Ng4 h6 18. Bf4 h5 19. Nge5 Nxe5 20. Nxe5 Bxe5 21.
Bxe5 Nh6 22. f3 Nf5 23. Kh1 Qd8 24. d4 b6 1/2-1/2

[Event "XXXIX C.to Italiano"]
[Site "Venezia ITA"]
[Date "1979.10.??"]
[Round "12"]
[White "Vallifuoco, Giacomo"]
[Black "Messa, Roberto"]
[Result "1/2-1/2"]
[WhiteElo "2285"]
[BlackElo "2205"]
[PlyCount "43"]
[EventDate "1979.10.21"]

1. d4 d5 2. c4 e6 3. Nc3 Nf6 4. cxd5 exd5 5. Bg5 Be7 6. e3 O-O 7. Bd3 c6 8. Qc2
Nbd7 9. Nf3 h6 10. h4 Re8 11. Bf4 Bb4 12. O-O-O Qa5 13. Nd2 Bxc3 14. bxc3 Nb6
15. g4 Ne4 16. Nxe4 dxe4 17. Bxe4 Rxe4 18. Qxe4 Bxg4 19. Qc2 Bxd1 20. Rxd1 Qa3+
21. Qb2 Qxb2+ 22. Kxb2 1/2-1/2

[Event "XXXIX C.to Italiano"]
[Site "Venezia ITA"]
[Date "1979.10.??"]
[Round "13"]
[White "Bonfa', Ileano"]
[Black "Rosino, Antonio"]
[Result "1/2-1/2"]
[WhiteElo "2300"]
[BlackElo "2290"]
[PlyCount "43"]
[EventDate "1979.10.21"]

1. d4 Nf6 2. c4 g6 3. Nc3 d5 4. Nf3 Bg7 5. Bg5 Ne4 6. cxd5 Nxg5 7. Nxg5 e6 8.
Qd2 h6 9. Nf3 exd5 10. e3 O-O 11. b4 a6 12. Be2 b6 13. O-O Bb7 14. Rfc1 Qe7 15.
Rab1 Nd7 16. Ne1 Kh7 17. Nd3 Rfe8 18. a4 Nf6 19. a5 Ne4 20. Nxe4 dxe4 21. Ne1
b5 22. Nc2 1/2-1/2

[Event "XXXIX C.to Italiano"]
[Site "Venezia ITA"]
[Date "1979.10.??"]
[Round "13"]
[White "Messa, Roberto"]
[Black "Laco, Giuseppe"]
[Result "1-0"]
[WhiteElo "2205"]
[BlackElo "2160"]
[PlyCount "103"]
[EventDate "1979.10.21"]

1. e4 c5 2. d4 cxd4 3. c3 dxc3 4. Nxc3 Nc6 5. Nf3 e6 6. Bc4 Na5 7. Bd3 a6 8.
O-O b5 9. e5 Bb7 10. Ne4 h6 11. Re1 Be7 12. b3 Rc8 13. Bb2 Bxe4 14. Bxe4 Bb4
15. Re3 Nc6 16. Rd3 Nge7 17. a3 Ba5 18. b4 Bb6 19. Qd2 Nb8 20. Rd1 Qc7 21. Rc1
Qa7 22. Rxc8+ Nxc8 23. Nd4 Ne7 24. Rg3 g6 25. Rf3 Nbc6 26. Nxc6 dxc6 27. Qf4
Rh7 28. h4 h5 29. Qc1 c5 30. bxc5 Bxc5 31. Qc2 Bd4 32. Bxd4 Qxd4 33. Qc7 Kf8
34. Bc2 Qxh4 35. Qd8+ Kg7 36. Rf6 Qc4 37. Qxe7 Kh6 38. Qf8+ Kg5 39. Qe7 Kh6 40.
Qf8+ Kg5 41. Rxg6+ Kf4 42. g3+ Kxe5 43. Rg5+ f5 44. Rxf5+ exf5 45. Qxf5+ Kd6
46. Qxh7 Qc5 47. Qd3+ Kc7 48. Bd1 Kb8 49. Bf3 Kc7 50. Be4 Qe7 51. Qc3+ Kb6 52.
Qd4+ 1-0

[Event "XXXIX C.to Italiano"]
[Site "Venezia ITA"]
[Date "1979.10.??"]
[Round "13"]
[White "Sartori, Spartaco"]
[Black "Coppini, Giorgio"]
[Result "0-1"]
[WhiteElo "2385"]
[BlackElo "2285"]
[PlyCount "60"]
[EventDate "1979.10.21"]

1. c4 Nf6 2. Nc3 c5 3. g3 Nc6 4. Bg2 g6 5. Nf3 Bg7 6. O-O O-O 7. d4 cxd4 8.
Nxd4 Nxd4 9. Qxd4 d6 10. Qd3 a6 11. Be3 Qa5 12. Bd4 Bf5 13. e4 Be6 14. f4 b5
15. cxb5 axb5 16. Nxb5 Rab8 17. a4 Rfc8 18. b3 Bd7 19. Na3 Qb4 20. Rfb1 d5 21.
Be5 Ng4 22. Bxg7 Kxg7 23. Rd1 Qxb3 24. Qxb3 Rxb3 25. a5 Rcc3 26. exd5 Rxa3 27.
a6 Ne3 28. Rdb1 Bf5 29. Re1 Nxg2 30. Kxg2 Rc2+ 0-1

[Event "XXXIX C.to Italiano"]
[Site "Venezia ITA"]
[Date "1979.10.??"]
[Round "13"]
[White "Tatai, Stefano"]
[Black "Capece, Adolivio"]
[Result "1-0"]
[WhiteElo "2475"]
[BlackElo "2205"]
[PlyCount "93"]
[EventDate "1979.10.21"]

1. e4 c5 2. Nf3 g6 3. d4 Bg7 4. d5 d6 5. Be2 Nf6 6. Nc3 O-O 7. h3 a6 8. a4 b6
9. O-O Ne8 10. Bf4 Nd7 11. Qd2 Nc7 12. Rfe1 Rb8 13. Rab1 Bb7 14. Bc4 f6 15. b4
Ba8 16. b5 axb5 17. Nxb5 Nxb5 18. Bxb5 Bb7 19. Qe3 Bc8 20. Nd2 Ne5 21. Bh6 g5
22. Bxg7 Kxg7 23. Nf1 Kh8 24. Rb3 Rg8 25. f3 Qf8 26. Qf2 Ng6 27. Ne3 Nf4 28.
Kh2 Qh6 29. Bf1 Bd7 30. Reb1 g4 31. fxg4 Bxg4 32. Rxb6 Ra8 33. Nxg4 Rxg4 34.
Rb8+ Rxb8 35. Rxb8+ Kg7 36. g3 Ng6 37. Bg2 Ne5 38. Qf5 Rg6 39. Qf4 Ng4+ 40. Kh1
Qh5 41. a5 c4 42. a6 e5 43. Rb7+ Kh8 44. Qf5 Rg5 45. a7 Rxf5 46. a8=R+ Qe8 47.
Rxe8# 1-0

[Event "XXXIX C.to Italiano"]
[Site "Venezia ITA"]
[Date "1979.10.??"]
[Round "13"]
[White "Trabattoni, Franco"]
[Black "Passerotti, Pierluigi"]
[Result "1/2-1/2"]
[WhiteElo "2330"]
[BlackElo "2340"]
[PlyCount "29"]
[EventDate "1979.10.21"]

1. e4 e5 2. Nf3 Nc6 3. Bb5 a6 4. Ba4 Nf6 5. Bxc6 dxc6 6. d3 Nd7 7. Nbd2 f6 8.
Nc4 Bc5 9. Nh4 Nf8 10. Be3 Bxe3 11. Nxe3 Be6 12. O-O Qd7 13. Qd2 c5 14. Rfd1 b6
15. a3 1/2-1/2

[Event "XXXIX C.to Italiano"]
[Site "Venezia ITA"]
[Date "1979.10.??"]
[Round "14"]
[White "Coppini, Giorgio"]
[Black "Tatai, Stefano"]
[Result "0-1"]
[WhiteElo "2285"]
[BlackElo "2475"]
[PlyCount "98"]
[EventDate "1979.10.21"]

1. Nf3 Nf6 2. b3 b6 3. g3 Bb7 4. Bg2 g6 5. Bb2 Bg7 6. O-O c5 7. c4 O-O 8. d4
cxd4 9. Nxd4 Bxg2 10. Kxg2 d5 11. cxd5 Qxd5+ 12. Nf3 Nc6 13. Qxd5 Nxd5 14. Bxg7
Kxg7 15. Rc1 Rac8 16. Nc3 Ncb4 17. Nxd5 Nxd5 18. Ne5 Nb4 19. Kf1 Nc2 20. Rab1
Rc3 21. Rd1 f6 22. Nf3 Rfc8 23. Rd7 R8c7 24. Rbd1 Kf7 25. R1d2 Nb4 26. Rxc7
Rxc7 27. e3 e5 28. Ne1 Ke6 29. Ke2 Nd5 30. e4 Nc3+ 31. Ke3 a5 32. f3 b5 33. Nd3
b4 34. Nb2 Nxa2 35. Nc4 Nc1 36. Nxa5 Rc3+ 37. Kf2 Nxb3 38. Nxb3 Rxb3 39. g4 Rc3
40. Rd8 Rc2+ 41. Kg3 b3 42. Rb8 b2 43. f4 exf4+ 44. Kxf4 Rxh2 45. Rb6+ Kd7 46.
e5 fxe5+ 47. Kxe5 Kc7 48. Rb4 h5 49. Kf4 hxg4 0-1

[Event "XXXIX C.to Italiano"]
[Site "Venezia ITA"]
[Date "1979.10.??"]
[Round "14"]
[White "Laco, Giuseppe"]
[Black "Taruffi, Daniele"]
[Result "1/2-1/2"]
[WhiteElo "2160"]
[BlackElo "2345"]
[PlyCount "139"]
[EventDate "1979.10.21"]

1. c4 e6 2. Nc3 d5 3. e3 Nf6 4. Qc2 c5 5. d3 Nc6 6. a3 Be7 7. Bd2 O-O 8. Be2 d4
9. Na2 dxe3 10. fxe3 e5 11. h3 a6 12. g4 Ne8 13. O-O-O b5 14. Bf3 Bd7 15. Nc3
Rb8 16. Nd5 b4 17. Rf1 Nc7 18. Be4 bxa3 19. bxa3 Nxd5 20. cxd5 Na5 21. Qc3 Nb3+
22. Kd1 Ba4 23. Ke2 Nxd2 24. Kxd2 Rb3 25. Qxe5 Rxa3 26. Ke2 Ra2+ 27. Kf3 Bd6
28. Qc3 f5 29. Bxf5 Rxf5+ 30. gxf5 Qg5 31. Ke4 Qe7+ 32. Kf3 Be8 33. Rf2 Bh5+
34. Kg2 Qg5+ 35. Kf1 Rxf2+ 36. Kxf2 Bg3+ 37. Kf1 Qxe3 38. Qc2 Bd1 39. Qa2 Bb3
40. Qe2 Qf4+ 41. Nf3 Kf8 42. Qe4 c4 43. Qxf4 Bxf4 44. Nd4 Ke7 45. Rg1 Kf6 46.
Nxb3 cxb3 47. Ke2 b2 48. d6 Bxd6 49. Kd2 Be5 50. Rf1 a5 51. Kc2 a4 52. Kb1 a3
53. Ka2 Bd6 54. d4 Be7 55. Rf3 Bd6 56. Kb1 Kg5 57. Ka2 Kf6 58. h4 h6 59. Kb1 h5
60. Ka2 Bb4 61. Rb3 Be1 62. Rxa3 Kxf5 63. Re3 Bxh4 64. Kxb2 Kf4 65. Re8 Bf6 66.
Kc3 h4 67. Kd3 h3 68. Re4+ Kg3 69. Re3+ Kg2 70. Re2+ 1/2-1/2